000 00701nam a2200229Ia 4500
005 20241129104214.0
008 241129s9999||||xx |||||||||||||| ||und||
020 _a9781032259307
037 _aTextual
040 _aRTL
_beng
_cRTL
041 _aeng
_2eng
084 _aY48:3(Q).49G R2
_qRTL
100 _aKeul Istwan; Raman Srilata
_9725232
245 0 _aReligious authority in South Asia: Generating the guru
_cKeul Istwan; Raman Srilata
260 _aNew York
_bRoutledge
_c2022
300 _aviii,279p.
365 _aINR
_b12171.6
490 _aRoutledge South asian Religion Series
650 _aSociology
942 _cTB
_hY48:3(Q).49G R2
999 _c1224875
_d1224875